The parties respond : changes in American parties and campaigns /

Bibliographic Details
Corporate Author: ebrary, Inc
Other Authors: Brewer, Mark D., Maisel, Louis Sandy, 1945-
Format: eBook
Language:English
Published: Boulder, CO : Westview Press, 2013.
Edition:5th ed.
Subjects:
Online Access:Connect to the full text of this electronic book

MARC

Tag First Indicator Second Indicator Subfields
LEADER 00000cam a2200000Ia 4500
001 in00002781056
006 m d
007 cr cn|||||||||
008 120208s2013 coua ob 001 0 eng d
005 20250816210417.1
010 |z  2012004008 
020 |z 9780813346007 (pbk. : alk. paper) 
020 |z 9780813346014 (e-book) 
035 |a (CaPaEBR)ebr10580010 
040 |a CaPaEBR  |c CaPaEBR  |d UtOrBLW 
050 1 4 |a JK2261  |b .P29 2013eb 
082 0 4 |a 324.273  |2 23 
245 0 4 |a The parties respond :  |b changes in American parties and campaigns /  |c [edited by] Mark D. Brewer, L. Sandy Maisel. 
250 |a 5th ed. 
264 1 |a Boulder, CO :  |b Westview Press,  |c 2013. 
300 |a 1 online resource (xx, 369 pages) :  |b illustrations 
336 |a text  |b txt  |2 rdacontent 
337 |a computer  |b c  |2 rdamedia 
338 |a online resource  |b cr  |2 rdacarrier 
504 |a Includes bibliographical references and index. 
500 |a Electronic resource. 
650 0 |a Political parties  |z United States. 
650 0 |a Political science  |z United States. 
655 7 |a Electronic books.  |2 local 
700 1 |a Brewer, Mark D. 
700 1 |a Maisel, Louis Sandy,  |d 1945- 
710 2 |a ebrary, Inc. 
856 4 0 |u https://ebookcentral.proquest.com/lib/tamucs/detail.action?docID=927768  |y Connect to the full text of this electronic book  |t 0 
980 |a 120821  |b 36  |c USD  |e 36  |f YBP_EBR0000040734  |g 1 
999 f f |s 8d379d77-5b5c-3cfc-9507-304fb15675e6  |i bae72358-7b8f-369f-a93d-68cb1a8b1b5a  |t 0 
999 |a MARS 
952 f f |a Texas A&M University  |b College Station  |c Electronic Resources  |d Available Online  |t 0  |e JK2261 .P29 2013eb  |h Library of Congress classification 
998 f f |a JK2261 .P29 2013eb  |t 0  |l Available Online